[Event "Stein am Rhein op 12th"]
[Site "Stein am Rhein"]
[Date "2021.11.06"]
[Round "2"]
[White "Alpers, Arne"]
[Black "Bandaru, Vinodh Kumer"]
[Result "1/2-1/2"]
[WhiteElo "1673"]
[BlackElo "1952"]
[PlyCount "60"]
[EventDate "2021.11.05"]
[EventType "swiss"]
[EventRounds "5"]
[EventCountry "SUI"]
[SourceTitle "EXT 2023"]
[Source "ChessBase"]
[SourceDate "2022.10.05"]
[SourceVersion "1"]
[SourceVersionDate "2022.10.05"]
[SourceQuality "1"]

1. d4 f5 2. Bg5 Nf6 3. Bxf6 exf6 4. e3 d5 5. c4 Bb4+ 6. Nc3 0-0 7. Nge2 dxc4 8. Nf4 b5 9. a4 g5 10. Qf3 c6 11. axb5 gxf4 12. Bxc4+ Kg7 13. bxc6 Qd6 14. 0-0 Bxc3 15. bxc3 Nxc6 16. Bd5 Bd7 17. Ra6 Rac8 18. c4 fxe3 19. fxe3 Nxd4 20. Rxd6 Nxf3+ 21. Rxf3 Rc7 22. Rf1 Bc8 23. Rc1 Re8 24. Kf2 Rce7 25. Bc6 Re6 26. Rcd1 R8e7 27. Rxe6 Bxe6 28. c5 Rc7 29. Bd5 Kf7 30. Bxe6+ Kxe6 1/2-1/2